Harimau (Record no. 7959)

MARC details
000 -LEADER
fixed length control field 00713nam a2200265 i 4500
001 - CONTROL NUMBER
control field C2-0069547
003 - CONTROL NUMBER IDENTIFIER
control field PPAK
005 - DATE AND TIME OF LATEST TRANSACTION
control field 20190630222132.0
008 - FIXED-LENGTH DATA ELEMENTS--GENERAL INFORMATION
fixed length control field 970313s1994 my a|||| ||||| | may d
020 ## - INTERNATIONAL STANDARD BOOK NUMBER
International Standard Book Number 9838786527
040 ## - CATALOGING SOURCE
Original cataloging agency PPAK
Language of cataloging eng
Transcribing agency PPAK
Description conventions rda
082 04 - DEWEY DECIMAL CLASSIFICATION NUMBER
Classification number 499.2386
Edition number 23
090 00 - LOCALLY ASSIGNED LC-TYPE CALL NUMBER (OCLC); LOCAL CALL NUMBER (RLIN)
Classification number (OCLC) (R) ; Classification number, CALL (RLIN) (NR) 499.2386
Feature heading CHU
Feature heading K
100 1# - MAIN ENTRY--PERSONAL NAME
Personal name Chua, Soo Sin,
Relator term author
245 10 - TITLE STATEMENT
Title Harimau
264 #1 - PRODUCTION, PUBLICATION, DISTRIBUTION, MANUFACTURE, AND COPYRIGHT NOTICE
Place of production, publication, distribution, manufacture Johor Bahru, Johor :
Name of producer, publisher, distributor, manufacturer Pelangi ,
Date of production, publication, distribution, manufacture, or copyright notice 1994
300 ## - PHYSICAL DESCRIPTION
Extent 19 pages :
Other physical details colour illustrations ;
Dimensions 26 cm
336 ## - CONTENT TYPE
Source rdacontent
Content type term text
337 ## - MEDIA TYPE
Source rdamedia
Media type term unmediated
338 ## - CARRIER TYPE
Source rdacarrier
Carrier type term volume
490 1# - SERIES STATEMENT
Series statement Siri Sang Singa
650 10 - SUBJECT ADDED ENTRY--TOPICAL TERM
Topical term or geographic name entry element Bahasa Melayu - Readers
830 #0 - SERIES ADDED ENTRY--UNIFORM TITLE
Uniform title Siri Sang Singa
942 ## - ADDED ENTRY ELEMENTS (KOHA)
-- dc
Koha item type Book
Holdings
Withdrawn Not for loan Current library Shelving location Date acquired Total Checkouts Full call number Barcode Date last seen Date last checked out Koha item type
    Perpustakaan Awam Sungai Petani Pinjaman Kanak-kanak 13/03/1997 1 K 499.2386 CHU A00006385 29/08/2020 10/08/2020 Book
    Perpustakaan Kulim Pinjaman Kanak-kanak 13/03/1997   K 499.2386 CHU A00006382 08/05/2018   Book
    Perpustakaan Yan Pinjaman Kanak-kanak 13/03/1997   K 499.2386 CHU A00006381 08/05/2018   Book
    Bergerak 1, Alor Setar Pinjaman Kanak-kanak 21/02/1999   K 499.2386 CHU A00232914 08/05/2018   Book
    Bergerak 3, Baling Pinjaman Kanak-kanak 21/02/1999   K 499.2386 CHU A00232916 08/05/2018   Book
    PD07, Kg. Jelutong, Sik Pinjaman Kanak-kanak 21/02/1999   K 499.2386 CHU A00232917 08/05/2018   Book
    PD08, Felda Gunung Bongsu, Kulim Pinjaman Kanak-kanak 21/02/1999   K 499.2386 CHU A00232918 08/05/2018   Book
    PD12, Kg. Padang, Baling Pinjaman Kanak-kanak 21/02/1999   K 499.2386 CHU A00232921 08/05/2018   Book
    PD15, Kg. Naga, Kepala Batas Pinjaman Kanak-kanak 21/02/1999   K 499.2386 CHU A00232922 08/05/2018   Book